| 000 | 02176nam a2200457 a 4500 | ||
|---|---|---|---|
| 001 | ebr10512259 | ||
| 003 | CaPaEBR | ||
| 006 | m u | ||
| 007 | cr cn||||||||| | ||
| 008 | 100604s2010 mau sb 001 0 eng d | ||
| 010 | _z 2010022360 | ||
| 020 | _z1934843784 (hardback) | ||
| 020 | _z9781934843789 | ||
| 020 | _z9781618110220 (e-book) | ||
| 040 |
_aCaPaEBR _cCaPaEBR |
||
| 035 | _a(OCoLC)767953046 | ||
| 043 | _aa-is--- | ||
| 050 | 1 | 4 |
_aHD1516.I75 _bY37 2010eb |
| 082 | 0 | 4 |
_a956.94/5 _222 |
| 100 | 1 | _aYaron, Hadas. | |
| 245 | 1 | 0 |
_aZionist arabesques _h[electronic resource] : _bmodern landscapes, non-modern texts / _cHadas Yaron. |
| 260 |
_aBoston : _bAcademic Studies Press, _cc2010. |
||
| 300 | _a226 p. | ||
| 490 | 1 | _aIsrael : society, culture and history | |
| 504 | _aIncludes bibliographical references and index. | ||
| 505 | 0 | _aConventional and environmental agriculture: the modern, anti modern and non modern landscapes -- From Europe to the Middle East: blossoming the desert, cultivating the land of Israel -- The State as a plot: who owns the land, who plans the landscape -- Conclusions. | |
| 533 |
_aElectronic reproduction. _bPalo Alto, Calif. : _cebrary, _d2011. _nAvailable via World Wide Web. _nAccess may be limited to ebrary affiliated libraries. |
||
| 650 | 0 |
_aJews _xColonization _zIsrael _zEsdraelon, Plain of _xHistory _y20th century. |
|
| 650 | 0 |
_aJews _xAgriculture _zIsrael _zEsdraelon, Plain of _xHistory _y20th century. |
|
| 650 | 0 |
_aAgriculture _zPalestine _xHistory _y20th century. |
|
| 650 | 0 |
_aAgriculture _zIsrael _zEsdraelon, Plain of _xHistory _y20th century. |
|
| 650 | 0 |
_aAgriculture, Cooperative _zPalestine _xHistory _y20th century. |
|
| 650 | 0 |
_aKibbutzim _xHistory. |
|
| 650 | 0 |
_aCollective settlements _zIsrael _xHistory _y20th century. |
|
| 650 | 0 |
_aLabor Zionism _zPalestine _xHistory _y20th century. |
|
| 651 | 0 |
_aEsdraelon, Plain of (Israel) _xHistory _y20th century. |
|
| 655 | 7 |
_aElectronic books. _2local |
|
| 710 | 2 | _aebrary, Inc. | |
| 830 | 0 | _aIsrael (Boston, Mass.) | |
| 856 | 4 | 0 |
_uhttp://site.ebrary.com/lib/rucke/Doc?id=10512259 _zAn electronic book accessible through the World Wide Web; click to view |
| 999 |
_c223111 _d223111 |
||